书目信息 |
| 题名: |
三国史话
|
|
| 作者: | 吕思勉, 著 | |
| 分册: | ||
| 出版信息: | 北京 新世界出版社 2016 |
|
| 页数: | 171页 | |
| 开本: | 24cm | |
| 丛书名: | 吕思勉中国史书系 | |
| 单 册: | ||
| 中图分类: | K236.07 | |
| 科图分类: | ||
| 主题词: | 中国历史--zhong guo li shi--研究--三国时代 | |
| 电子资源: | ||
| ISBN: | 978-7-5104-5649-7 | |
| 000 | 01179nam0 22002531 450 | |
| 001 | 0124140055 | |
| 005 | 20170324140055.0 | |
| 010 | @a978-7-5104-5649-7@b精装@dCNY28.00 | |
| 100 | @a20160624d2016 em y0chiy50 ea | |
| 101 | 0 | @achi |
| 102 | @aCN@b110000 | |
| 105 | @ay z 000yy | |
| 106 | @ar | |
| 200 | 1 | @a三国史话@9san guo shi hua@f吕思勉著 |
| 210 | @a北京@c新世界出版社@d2016 | |
| 215 | @a171页@d24cm | |
| 225 | 2 | @a吕思勉中国史书系@9lv si mian zhong guo shi shu xi@v03 |
| 330 | @a本书是吕思勉先生为数不多的文史普及著作之一。二十篇短文,列举了大量《三国志》、《三国志注》等文献中的文字证据,分析人物性情、政治背景、地理环境、军事实力对比等,如何成为每一个历史事件的动因,并将史书记载与文学作品中塑造的人物故事进行对比,“或者纠正从前的谬误,或者陈述一些前人所忽略的事情”。吕先生治史长于综合研究和融会贯通,而且态度非常谨慎,当证据不足时,从不妄做结论,而是留待来者。因此本书也成为易中天先生品三国的重要参考资料。 | |
| 461 | 0 | @12001 @a吕思勉中国史书系@v03 |
| 606 | 0 | @a中国历史@9zhong guo li shi@x研究@z三国时代 |
| 690 | @aK236.07@v5 | |
| 701 | 0 | @a吕思勉,@9lv si mian ,@f1884-1957@4著 |
| 801 | 0 | @aCN@bTANGWEI@c20170308 |
| 905 | @b0961277-9@dK236.07@e63@f3 | |
| 三国史话/吕思勉著.-北京:新世界出版社,2016 |
| 171页;24cm.-(吕思勉中国史书系;03) |
| ISBN 978-7-5104-5649-7(精装):CNY28.00 |
| 本书是吕思勉先生为数不多的文史普及著作之一。二十篇短文,列举了大量《三国志》、《三国志注》等文献中的文字证据,分析人物性情、政治背景、地理环境、军事实力对比等,如何成为每一个历史事件的动因,并将史书记载与文学作品中塑造的人物故事进行对比,“或者纠正从前的谬误,或者陈述一些前人所忽略的事情”。吕先生治史长于综合研究和融会贯通,而且态度非常谨慎,当证据不足时,从不妄做结论,而是留待来者。因此本书也成为易中天先生品三国的重要参考资料。 |
| ● |
| 相关链接 |
|
|
|
|
正题名:三国史话
索取号:K236.07/63
 
预约/预借
| 序号 | 登录号 | 条形码 | 馆藏地/架位号 | 状态 | 备注 |
| 1 | 0961277 | 209612775 | 第二样本阅览室/ [索取号:K236.07/63] | 在馆 | |
| 2 | 0961278 | 209612784 | 第二借阅区/ [索取号:K236.07/63] | 在馆 | |
| 3 | 0961279 | 209612793 | 第二借阅区/ [索取号:K236.07/63] | 在馆 |